000 00786cam a22002291 4500
001 ne 62000297
003 DLC
005 20260227111734.0
008 060823s1943 tu 000 0 tur
010 _ane 62000297
040 _aDLC
_cDLC
_dDLC
050 0 0 _aPL248.B8
_bA6 1943
100 0 _aKadi Burhaneddin,
_d1344-1398.
245 1 0 _aKadı Burhanettin divanı. [Hazırlıyan : Dehri Dilçin].
260 _aİstanbul,
_bA. Kıral Basımevı,
_c1943-
300 _av.
_c25 cm.
490 0 _aT. D. K. [Seri] C.
_vII. [sayı] 19 [i. e. 78]
500 _aSeries no. supplied from Türk Dil Kurumu yayınları sıra listesi, 1932-1957.
505 0 _a1. Tıpkıbasım.
700 1 _aDilçin, Dehri,
_eed.
830 0 _aTürk Dil Kurumu. Türk Dil Kurumu yayınlarından,
_vsayı 78
999 _c45033
_d45033